Liberal education in transition /

Bibliographic Details
Main Author: Conrad, Clifton
Corporate Authors: ERIC Clearinghouse on Higher Education, American Association for Higher Education, National Institute of Education (U.S.)
Other Authors: Wyer, Jean C.
Format: Book
Language:English
Published: Washington, D.C. : American Association for Higher Education, 1980.
Series:AAHE-ERIC/higher education research report ; 1980, no. 3.
Subjects:

MARC

Tag First Indicator Second Indicator Subfields
LEADER 00000cam a2200000 a 4500
001 in00000084436
005 20151008061400.0
008 801105s1980 dcu b 00010 eng d
035 |a (OCoLC)06901959 
035 |9 AAJ7938AM 
040 |a DGW  |c DGW  |d m.c.  |d TXA  |d UtOrBLW 
043 |a n-us--- 
049 |a TXAM  |c [1655586] 
090 |a LC1011  |b .C66 
100 1 |a Conrad, Clifton. 
245 1 0 |a Liberal education in transition /  |c Clifton F. Conrad and Jean C. Wyer ; prepared by ERIC Clearinghouse on Higher Education, the George Washington University. 
264 1 |a Washington, D.C. :  |b American Association for Higher Education,  |c 1980. 
300 |a 66 pages ;  |c 23 cm. 
336 |a text  |b txt  |2 rdacontent 
337 |a unmediated  |b n  |2 rdamedia 
338 |a volume  |b nc  |2 rdacarrier 
490 1 |a AAHE-ERIC/higher education research report ;  |v 1980, no. 3 
504 |a Bibliography: pages 59-66. 
650 0 |a Education, Humanistic  |z United States. 
700 1 |a Wyer, Jean C. 
710 2 |a ERIC Clearinghouse on Higher Education. 
710 2 |a American Association for Higher Education. 
710 2 |a National Institute of Education (U.S.) 
830 0 |a AAHE-ERIC/higher education research report ;  |v 1980, no. 3. 
999 |a MARS 
999 f f |s 1f70df0d-a47e-3a5b-8a1b-3ceafce1dbd1  |i 19f1ec0a-2289-331d-a8dc-80d71fe92b37  |t 0 
952 f f |p normal  |a Texas A&M University  |b College Station  |c Sterling C. Evans Library  |d Evans: Library Stacks  |t 0  |e LC1011 .C66  |h Library of Congress classification  |i unmediated -- volume  |m A14806163390 
998 f f |a LC1011 .C66  |t 0  |l Evans: Library Stacks